000 01151cam a22003377a 4500
003 CHAP
005 20240906141344.0
008 971013s1986 r 00010 d
010 _a774
011 _a1746
035 _a922
040 _cCHAP
090 _aTesis
100 1 0 _aHernández Garay, Alfonso.
_954033
245 1 0 _aDeterminación de la calidad de la materia seca en 27 asociaciones de gramíneas y leguminosas forrajeras de clima templado en su primer año de cultivo
260 _aChapingo, Méx. :
_bEl autor,
_c1986
300 _a88 h.
_b; gráfs.
502 _aTesis (Ing. Agr. Esp. en Zootecnía) -- UACH. Departamento de Zootecnia
590 _aALEPH
_b10
_c20130110
590 _aBATCH-UPD
_b10
_c20130110
590 _aBATCH-UPD
_b10
_c20130110
590 _aBATCH-UPD
_b10
_c20130409
590 _aBATCH-UPD
_b10
_c20130410
590 _aBATCH-UPD
_b10
_c20130914
590 _aCONVERSION
_b10
_c20130109
650 1 4 _aGramíneas
_xMateria seca
_xDeterminación.
_950281
650 1 4 _aLeguminosas
_xMateria seca
_xDeterminación.
_965837
901 _aBK
942 _cTESIS
_2ddc
949 _bBC
_cTES
_d-10381
_eTS1
_h22994
_i922
_si
999 _c774
_d774